000 04587nam a2200361 4500
003 OSt
005 20260514094453.0
008 260514b |||||||| |||| 00| 0 aze d
020 _a9952290284
040 _aAZ-XaKU
_baze
_cAZ-XaKU
041 0 _aaze
050 1 4 _aHF5667 .Ab194 2013
100 1 _aAbbasov, İbad,
_emüəllif
245 1 _aAudit
_c/ İbad Abbasov ; elmi redaktor A.K.Ələsgərov ; rəyçilər S.Y.Müslümov, S.Səbzəliyev, S.M.Yaqubov
264 _aBakı:
_b"Bakı Biznes Univeristeti Nəşriyyatı",
_c2013.
300 _a544 səhifə ;
_bcədvəl,
_c25 sm.
336 _atext
_btxt
_2rdacontent
337 _aunmediated
_bn
_2rdamedia
338 _avolume
_bnc
_2rdacarrier
500 _aDərslik Azərbaycan Respublikası Təhsil Nazirinin 15.12.2026-cı il tarixli 901 saylı əmri ilə təsdiq edilmişdir.
504 _aƏdəbiyyat siyahısı: s. 532-534
505 0 _aGiriş -- Birinci bölmə. Auditin nəzəri əsasları ; I Fəsil. Auditin məqsəd və vəzifələri -- II Fəsil. Auditin predmeti və metodu -- III Fəsil. Auditin hüquqi və təşkilati əsasları -- IV Fəsil. Auditorun məsuliyyəti və peşə etikası -- İkinci bölmə. Auditin təşkili və ümumi metedoloji məsələləri ; V Fəsil. Auditin standartları -- VI Fəsil. Auditin təşkili prinsipləri -- VII Fəsil. Audit yoxlama-ekspertiza işlərinin planlaşdırılması -- VIII Fəsil. Auditin dəlil-sübutları -- IX Fəsil. Audit-yoxlama nəticələrinin qiymətləndirilməsi və yekun sənədlərinin tərtib edilməsi metodikası -- Üçüncü bölmə. Təsərüffat-maliyyə əməliyyatları auditinin metodikası ; X Fəsil. Normativ sənədlərin və maliyyə hesabatlarının ümumi yoxlanılması metodikası -- XI Fəsil. Pul vəsaitləri və onların ekvivalentləri üzrə əməliyyatların auditi -- XII Fəsil. Qeyri-maddi aktivlər üzrə əməliyyatların auditi -- XIII Fəsil. Torpaq, tikili və avadanlıqların (əsas vəsaitlərin) auditi -- XIV Fəsil. Ehtiyatlar auditi -- XV Fəsil. Məhsul istehsalı, satışı və onlara çəkilən məsrəflərin auditi -- XVI Fəsil. Əmək haqqı və əmək ödəmələri üzrə hesablaşmaların auditi -- XVII Fəsil. Malsatanlar və podratçılarla hesablaşmaların auditi -- XVIII Fəsil. Büdcə və büdcədənkənar fondlar üzrə hesablaşmaların auditi -- XIX Fəsil. Təhtəlhesab şəxslərlə hesablaşmaların auditi -- XX Fəsil. Hesablaşmalara dair digər əməliyyatların auditi -- XXI Fəsil. Kredit və ssuda əməliyyatlarının auditi -- XXII Fəsil. Xarici iqtisadi fəaliyyətin auditi -- Dördüncü bölmə. Maliyyə nəticələrinin auditi və auditdə maliyyə təhlilinin əsas prinsipləri ; XXIII Fəsil. İnvestisiya qoyuluşlarının auditi -- XXIV Fəsil. Maliyyə nəticələrinin auditi -- Beşinci bölmə. Sahələr auditi və onların spesifik xüsusiyyətləri ; XXV Fəsil. Auditdə maliyyə təhlili -- XXVI Fəsil. Təsərrüfatdaxili audit və onun metodoloji aspektləri -- XXVII Fəsil. Sahələr auditinin spesifik xüsusiyyətləri.
520 0 _aAudit xidmət fəaliyyəti olsa da, müstəqil yoxlama-ekspertiza funksiyasını yerinə yetirməklə dövlətlə sahibkar arasında və sahibkarla menecer arasında qarant rolu oynayır. Bazar iqtisadiyyatı münasibətlərinə keçid material, əmək və maliyyə resurslarının səfərbər edilməsi və onlardan səmərəli istifadə olunmasını ön plana çəkir. Bu məsələlərin həllində digər idarəetmə elementləri ilə yanaşı audit xidməti və nəzarətinin rolu böyükdür. Auditin bir iqtisadi kateqoriya kimi formalaşmasında onun nəzəri və praktiki aspektlərin işlənib hazırlanması, tədris edilməsi vacibdir. Bu baxımdan dərslik mühüm əhəmiyyət kəsb edir. Dərslikdə auditin nəzəri, təşkilati-praktiki, metodoloji prinsipləri şərh edilməklə yanaşı, ilk dəfə olaraq auditdə maliyyə təhlilinin metodikası və sahələr auditinin təşkilinin spesifik xüsusiyyətləri verilmişdir.
521 _aDərslik iqtisadyönümlü ixtisaslar üzrə təhsil alan tələbələr, magistrlər, aspirantlar, müəllimlər, mühasiblər, iqtisadçılar, auditorlar və maliyyə, vergi sistemində çalışanlar üçün nəzərdə tutulmuşdur.
650 7 _aİqtisadiyyat
_2AZ-XaKU
655 _2AZ-XaKU
_adərslik
700 1 _aƏləsgərov, A.K.,
_eelmi redaktor.
700 1 _aMüslümov, S.Y.,
_erəyçi.
700 1 _aSəbzəliyev, S.,
_erəyçi.
700 1 _aYaqubov, S.M.,
_erəyçi.
942 _cBOOK
999 _c473
_d473